[Event "Nordic-ch U18"]
[Site "Torshavn"]
[Date "2021.09.10"]
[Round "1"]
[White "Jacobsen, Markus"]
[Black "Muntean, Victor"]
[Result "0-1"]
[WhiteElo "1192"]
[BlackElo "1900"]
[PlyCount "80"]
[EventDate "2021.09.10"]
[EventType "swiss"]
[EventRounds "6"]
[EventCountry "FAI"]
[SourceTitle "EXT 2023"]
[Source "ChessBase"]
[SourceDate "2022.10.05"]
[SourceVersion "1"]
[SourceVersionDate "2022.10.05"]
[SourceQuality "1"]

1. e4 e5 2. Nf3 Nc6 3. Bc4 Nf6 4. d3 Be7 5. c3 d6 6. 0-0 Na5 7. Bb3 Nxb3 8. axb3 h6 9. h3 g5 10. Be3 g4 11. Nh2 gxh3 12. g3 h5 13. Nd2 Rg8 14. Kh1 Ng4 15. Qe2 Be6 16. d4 a6 17. dxe5 dxe5 18. Rad1 Qd7 19. Nxg4 hxg4 20. Kh2 0-0-0 21. Ra1 Qc6 22. Ra4 Bxb3 23. Raa1 Bc2 24. Qe1 Bxe4 25. Nxe4 Qxe4 26. Rg1 f5 27. Ba7 Qxe1 28. Rgxe1 b6 29. Rxa6 Kb7 30. Ra4 Rd2 31. Rxe5 Bc5 32. Rxc5 Rxf2+ 33. Kg1 Rg2+ 34. Kh1 bxc5 35. Bxc5 Ra8 36. Rxa8 Kxa8 37. b4 Rxg3 38. Bd4 Kb7 39. b5 f4 40. Be5 Rf3 0-1

[Event "Faroes op"]
[Site "Sandavagur"]
[Date "2018.07.13"]
[Round "8"]
[White "Jacobsen, Markus"]
[Black "Petersen, Gutti"]
[Result "0-1"]
[WhiteElo "1106"]
[BlackElo "1596"]
[PlyCount "78"]
[EventDate "2018.07.07"]
[EventType "swiss"]
[EventRounds "9"]
[EventCountry "FAI"]
[SourceTitle "CBM 185 Extra"]
[Source "ChessBase"]
[SourceDate "2018.07.29"]
[SourceVersion "1"]
[SourceVersionDate "2018.07.29"]
[SourceQuality "1"]

1. e4 c5 2. Nf3 d6 3. d4 cxd4 4. Nxd4 Nf6 5. Nc3 a6 6. Bg5 e6 7. Bd3 Be7 8. Qe2 Qc7 9. 0-0 Nc6 10. Nxc6 bxc6 11. Rae1 e5 12. h3 a5 13. Bxf6 Bxf6 14. Bc4 0-0 15. Rd1 Bb7 16. Rd3 Rad8 17. Rfd1 Be7 18. Qg4 Bc8 19. Qg3 Kh8 20. Rf3 f5 21. exf5 Bxf5 22. Rd2 d5 23. Bd3 Bxd3 24. Rxf8+ Rxf8 25. Rxd3 Bf6 26. Nd1 Qe7 27. Rf3 e4 28. Rf4 Rd8 29. Rg4 c5 30. Ne3 g6 31. b3 d4 32. Nc4 d3 33. cxd3 exd3 34. Qf4 Bc3 35. Qc1 Qe1+ 36. Qxe1 Bxe1 37. Ne5 d2 38. Nf7+ Kg7 39. Nxd8 d1Q 0-1